| 000 | 00592nam a2200205 a 4500 | ||
|---|---|---|---|
| 001 | 000028603 | ||
| 003 | DO-SdBNP | ||
| 005 | 20221020132747.0 | ||
| 007 | ta | ||
| 008 | 110411s2002 dr 000 0 spa d | ||
| 040 |
_aDO-SdBNP _bspa _cDO-SdBNP |
||
| 049 | _aBNPD | ||
| 082 | 4 |
_bR426c _222 |
|
| 110 | 1 |
_aColegio Dominicano de Periodistas _955558 |
|
| 245 | 1 | 0 | _aCódigo de ética del periodista dominicano y reglamento interno. |
| 260 |
_aSanto Domingo : _bColegio Dominicano de periodistas, _c2002. |
||
| 300 |
_a24 p. ; _c22 cm. |
||
| 590 | _aInventariado, 2020/VM | ||
| 942 |
_2ddc _cLBS1 |
||
| 999 |
_c28095 _d28095 |
||